|
|
|
|
| LEADER |
00000caa a2200000 c 4500 |
| 001 |
1634183649 |
| 003 |
DE-627 |
| 005 |
20220608095558.0 |
| 007 |
tu |
| 008 |
150824s2015 xx ||||| 00| ||ger c |
| 035 |
|
|
|a (DE-627)1634183649
|
| 035 |
|
|
|a (DE-576)444586105
|
| 035 |
|
|
|a (DE-599)BSZ444586105
|
| 040 |
|
|
|a DE-627
|b ger
|c DE-627
|e rakwb
|
| 041 |
|
|
|a ger
|
| 100 |
1 |
|
|a Baumann, Thomas
|0 (DE-588)137202695
|0 (DE-627)590243268
|0 (DE-576)302812814
|4 aut
|
| 109 |
|
|
|a Baumann, Thomas
|
| 245 |
1 |
0 |
|a Konzepte eines internationalen statistischen Vergleichs von Straftaten
|c Thomas Baumann
|
| 264 |
|
1 |
|c 2015
|
| 336 |
|
|
|a Text
|b txt
|2 rdacontent
|
| 337 |
|
|
|a ohne Hilfsmittel zu benutzen
|b n
|2 rdamedia
|
| 338 |
|
|
|a Band
|b nc
|2 rdacarrier
|
| 773 |
0 |
8 |
|i In
|t Wirtschaft und Statistik
|d Wiesbaden : Statistisches Bundesamt, 1921
|g (2015), 4, Seite 54-68
|w (DE-627)129510750
|w (DE-600)210134-8
|w (DE-576)014917947
|x 0043-6143
|7 nnas
|
| 773 |
1 |
8 |
|g year:2015
|g number:4
|g pages:54-68
|
| 951 |
|
|
|a AR
|
| ELC |
|
|
|b 1
|
| LOK |
|
|
|0 000 xxxxxcx a22 zn 4500
|
| LOK |
|
|
|0 001 3288845628
|
| LOK |
|
|
|0 003 DE-627
|
| LOK |
|
|
|0 004 1634183649
|
| LOK |
|
|
|0 005 20260302143857
|
| LOK |
|
|
|0 008 170802||||||||||||||||ger|||||||
|
| LOK |
|
|
|0 040
|a DE-21-110
|c DE-627
|d DE-21-110
|
| LOK |
|
|
|0 689
|a s
|a Rechtspflegestatistik
|
| LOK |
|
|
|0 689
|a s
|a Kriminalitätsklassifikation
|
| LOK |
|
|
|0 689
|a s
|a Internationaler Kriminalitätsvergleich
|
| LOK |
|
|
|0 689
|a s
|a Grenzüberschreitende Kriminalität
|
| LOK |
|
|
|0 689
|a s
|a Tötungsdelikte
|
| LOK |
|
|
|0 689
|a s
|a Justice statistics
|
| LOK |
|
|
|0 689
|a s
|a International crime comparison
|
| LOK |
|
|
|0 689
|a s
|a Transnational crime classification
|
| LOK |
|
|
|0 852
|z Kein Bestand am IfK; Nachweis für KrimDok
|
| LOK |
|
|
|0 852
|a DE-21-110
|
| LOK |
|
|
|0 852 1
|m v
|9 00
|
| LOK |
|
|
|0 935
|a krub
|
| LOK |
|
|
|0 938
|k v
|
| LOK |
|
|
|0 939
|a 02-08-17
|b l01
|
| ORI |
|
|
|a WA-MARC-krimdoka001.raw
|